Cẩm nang giám đốc

Đã lưu trong:
書目詳細資料
格式: 圖書
語言:Undetermined
出版: Hà Nội Thanh niên 2005
主題:
標簽: 添加標簽
沒有標簽, 成為第一個標記此記錄!
Thư viện lưu trữ: Trung tâm Học liệu Trường Đại học Cần Thơ
LEADER 00557nam a2200181Ia 4500
001 CTU_101385
008 210402s9999 xx 000 0 und d
020 |c 25000 
082 |a 658.4 
082 |b C120 
245 0 |a Cẩm nang giám đốc 
245 0 |c Lê Nhất Phương biên soạn 
260 |a Hà Nội 
260 |b Thanh niên 
260 |c 2005 
650 |a Executives,Negotiation in business 
904 |i Tuyến (sửa số pl 658.4/Ph561 thành 658.4/C120) 
980 |a Trung tâm Học liệu Trường Đại học Cần Thơ